|
|
|
|
| LEADER |
00000cam a2200000 7i4500 |
| 001 |
0000054134 |
| 005 |
20220105104201.0 |
| 008 |
151102 |
| 020 |
|
|
|a 9788180221521
|
| 090 |
0 |
0 |
|a JP
|b SC ENG
|
| 245 |
1 |
0 |
|a Grandpa tell me about...!! :
|b land pollution
|
| 260 |
|
|
|a [s.l] :
|b Priority Publications ,
|c 2013
|
| 490 |
0 |
|
|a Grandpa tell me about...!!
|
| 500 |
|
|
|a Children age 4-6 years old (yellow)
|
| 650 |
|
0 |
|a Science fiction
|
| 999 |
|
|
|a 0001362984
|b Book
|c Children Collection
|e Perbadanan Perpustakaan Awam Johor
|
| 999 |
|
|
|a 0001362985
|b Book
|c Children Collection
|e Cawangan Urban Transformation Centre
|
| 999 |
|
|
|a 0001362986
|b Book
|c Children Collection
|e Cawangan AEON Kulaijaya
|
| 999 |
|
|
|a 0001363560
|b Book
|c Children Collection
|e Cawangan Tmn. Ungku Tun Aminah
|
| 999 |
|
|
|a 0001363561
|b Book
|c Children Collection
|e Cawangan Segamat
|
| 999 |
|
|
|a 0001363562
|b Book
|c Children Collection
|e Cawangan Batu Pahat
|
| 999 |
|
|
|a 0001363563
|b Book
|c Children Collection
|e Cawangan Tangkak
|
| 999 |
|
|
|a 0001363565
|b Book
|c Children Collection
|e Cawangan Pontian
|
| 999 |
|
|
|a 0001363566
|b Book
|c Children Collection
|e Cawangan Sri Merlong
|
| 999 |
|
|
|a 0001363567
|b Book
|c Children Collection
|e Cawangan Bukit Gambir
|
| 999 |
|
|
|a 0001363568
|b Book
|c Banned Items
|e Cawangan Kota Tinggi
|
| 999 |
|
|
|a 0001363569
|b Book
|c Children Collection
|e Cawangan Mersing
|
| 999 |
|
|
|a 0001363570
|b Book
|c Children Collection
|e Cawangan Bandar Tenggara
|
| 999 |
|
|
|a 0001363571
|b Book
|c Children Collection
|e Cawangan Bandar Penawar
|
| 999 |
|
|
|a 0001363572
|b Book
|c Children Collection
|e Cawangan Taman Sri Lambak
|
| 999 |
|
|
|a 0001363573
|b Book
|c Children Collection
|e Cawangan Taman Universiti
|